000 00549nam a2200133 4500
008 231224b |||||||| |||| 00| 0 eng d
082 _a306.36
_bOPE
245 _aOperational manual for labour sections of Sri Lankan diplomatic missions in labour receiving countries:
_bensuring the protection and welfare of migrant workers
260 _aColombo:
_bILO country office for Sri Lanka and the Maldives,
_c2013
300 _a160 p.
650 _aMIGRANT WORKERS-Sri Lanka
856 _uhttps://www.ilo.org/dyn/migpractice/docs/270/Manual.pdf
942 _cRP
999 _c4547
_d4547